| 000 | 00792nam a2200121Ia 4500 | ||
|---|---|---|---|
| 008 | 220615s9999||||xx |||||||||||||| ||und|| | ||
| 245 | 0 |
_aWar Remains _bMediations of Suffering and Death in the Era of the World Wars |
|
| 546 | _aEnglish[eng] | ||
| 650 | _a1910s–1970s||interdisciplinary perspectives||mass death||suffering||war remains||cultural history of war||mediation||World War era||sensing war||cultural history||memory studies||human rights||media history||Journalism||Nazism||Sweden | ||
| 700 | _aCronqvist, Marie||Sturfelt, Lina | ||
| 856 | _uhttps://library.oapen.org/bitstream/20.500.12657/29476/1/war-remains.pdf||https://library.oapen.org/bitstream/20.500.12657/29476/1/war-remains.pdf||https://library.oapen.org/bitstream/20.500.12657/29476/1/war-remains.pdf | ||
| 942 | _cEB | ||
| 999 |
_c12793 _d12793 |
||